Folk tales of Andhra Pradesh / (Record no. 50303)
[ view plain ]
| 000 -LEADER | |
|---|---|
| fixed length control field | 00762nam a2200253 a 4500 |
| 001 - CONTROL NUMBER | |
| control field | 50303 |
| 003 - CONTROL NUMBER IDENTIFIER | |
| rucl marc code | BD-RjUL |
| 005 - DATE AND TIME OF LATEST TRANSACTION | |
| control field | 20211209075505.0 |
| 008 - FIXED-LENGTH DATA ELEMENTS--GENERAL INFORMATION | |
| fixed length control field | 160824s1974 ii a 00010 eng d |
| 035 ## - SYSTEM CONTROL NUMBER | |
| System control number | (BD-RjUL)50423 |
| 040 ## - CATALOGING SOURCE | |
| Original cataloging agency | ANL |
| Transcribing agency | ANL |
| Language of cataloging | eng |
| Modifying agency | BD-RjUL |
| 041 ## - LANGUAGE CODE | |
| Language code of text/sound track or separate title | eng |
| 082 0# - DEWEY DECIMAL CLASSIFICATION NUMBER | |
| Classification number | 398.2095484 |
| Edition number | 23 |
| Author mark and year | RAF 1974 |
| 100 10 - MAIN ENTRY--PERSONAL NAME | |
| Personal name | Raju, B. Rama |
| 9 (RLIN) | 150751 |
| 245 10 - TITLE STATEMENT | |
| Title | Folk tales of Andhra Pradesh / |
| Statement of responsibility, etc. | B. Rama Raju. |
| 250 ## - EDITION STATEMENT | |
| Edition statement | 1st ed. |
| 260 ## - PUBLICATION, DISTRIBUTION, ETC. (IMPRINT) | |
| Place of publication, distribution, etc. | India : |
| Name of publisher, distributor, etc. | Sterling Publishers, |
| Date of publication, distribution, etc. | c1974 |
| 300 ## - PHYSICAL DESCRIPTION | |
| Pagination | 111 p. : |
| Illustrations | ill. ; |
| Size | 22 cm. |
| 650 #0 - SUBJECT ADDED ENTRY--TOPICAL TERM | |
| Topical term or geographic name as entry element | Tales |
| Geographic subdivision | India |
| -- | Andhra Pradesh. |
| 9 (RLIN) | 150753 |
| Topical term or geographic name as entry element | Folklore |
| Geographic subdivision | India |
| -- | Andhra Pradesh. |
| 9 (RLIN) | 150754 |
| 856 ## - ELECTRONIC LOCATION AND ACCESS | |
| Materials specified | Folk tales of India series ; |
| 942 ## - ADDED ENTRY ELEMENTS (KOHA) | |
| Source of classification or shelving scheme | Dewey Decimal Classification |
| Koha item type | Books |
| Lost status | Source of classification or shelving scheme | Damaged status | Not for loan | Collection code | Permanent Location | Current Location | Shelving location | Date acquired | Source of acquisition | Cost, normal purchase price | Total Checkouts | Full call number | Date last seen | Copy number | Koha item type |
|---|---|---|---|---|---|---|---|---|---|---|---|---|---|---|---|
| Dewey Decimal Classification | Non-fiction | Central Library, University of Rajshahi | Central Library, University of Rajshahi | 29/09/1978 | India Int. Calcutta | 12.50 | 398.2095484 RAF 1974 | 24/08/2016 | C-2 | Books |